Tribhuvan University Central Library

Politics of diaspora; knowledge, power and freedom in South Asian diasporic narratives (Record no. 102947)

MARC details
000 -LEADER
fixed length control field 00459nam a22001577a 4500
008 - FIXED-LENGTH DATA ELEMENTS--GENERAL INFORMATION
fixed length control field 220112b |||||||| |||| 00| 0 eng d
082 ## - DEWEY DECIMAL CLASSIFICATION NUMBER
Classification number CD18404
100 ## - MAIN ENTRY--PERSONAL NAME
Personal name Poudel, Rudra Prasad
245 ## - TITLE STATEMENT
Title Politics of diaspora; knowledge, power and freedom in South Asian diasporic narratives
260 ## - PUBLICATION, DISTRIBUTION, ETC. (IMPRINT)
Place of publication, distribution, etc Kathmandu:
Date of publication, distribution, etc 2021
502 ## - DISSERTATION NOTE
Dissertation note Thesis (Ph. D. in English), TU
650 ## - SUBJECT ADDED ENTRY--TOPICAL TERM
Topical term or geographic name as entry element Asian, Diaspora
650 ## - SUBJECT ADDED ENTRY--TOPICAL TERM
Topical term or geographic name as entry element Politics
650 ## - SUBJECT ADDED ENTRY--TOPICAL TERM
Topical term or geographic name as entry element Freedom
942 ## - ADDED ENTRY ELEMENTS (KOHA)
Source of classification or shelving scheme Dewey Decimal Classification
Koha item type Audio Visual Materials
Holdings
Withdrawn status Lost status Source of classification or shelving scheme Damaged status Not for loan Home library Current library Date acquired Total Checkouts Full call number Barcode Date last seen Price effective from Koha item type
    Dewey Decimal Classification     Tribhuvan University Central Library Tribhuvan University Central Library 01/12/2022   CD18404 A18354 01/12/2022 01/12/2022 Audio Visual Materials